00000000nam##2200000za#4500
0019.644334
003CaOODSP
00520250506145324
007cr |||||||||||
008150407|1990||||xxc|||||o    f|0| 0 fre|d
040 |aCaOODSP|bfre
043 |an-cn---
0861 |aA43-1835/1989F-PDF
1101 |aCanada.|bAgriculture Canada.
24510|aPucerons infestant les crucifères au Canada / |h[ressource électronique]|c[par] D.G.R. McLeod, D.T. Lowery.
260 |bAgriculture Canada |c1990.
300 |a18p.|bill. en couleur
500 |aPublication historique numérisée par Agriculture et Agroalimentaire Canada.
504 |aBibliographie.
590 |a15-03-Supp|b2015-03-13
7201 |aMcLeod, D. G. R.
7201 |aLowery, D. T.
77508|tAphids infesting crucifers in Canada / |w(CaOODSP)9.700442
85640|ahttp://publications.gc.ca|qPDF|s1128 Ko|uhttps://publications.gc.ca/collections/collection_2015/aac-aafc/A43-1835-1989-fra.pdf
986 |aPublication 1835/F